|
|
|
|
| LEADER |
00000nab a2200000 a 4500 |
| 001 |
vtls000926307 |
| 003 |
SK-MaSNL |
| 005 |
20260303230058.0 |
| 008 |
040720e19950725xo 0 slo |
| 035 |
|
|
|a KE35184
|
| 040 |
|
|
|a KEVKJB
|b slo
|c KEVKJB
|e AACR2
|
| 041 |
0 |
|
|a slo
|
| 044 |
|
|
|a xo
|c SK
|
| 080 |
|
|
|a 627.81
|2 1981
|
| 100 |
1 |
|
|a Rerková, Gabriela
|4 aut
|9 267655
|
| 245 |
1 |
0 |
|a Myšlienka stará už vyše tri desaťročia
|b Vodárenskú nádrž Tichý Potok - zdroj pitnej vody pre oblasť Prešova a Košíc
|
| 590 |
|
|
|a Obložinský, Jozef
|b riaditeľ Vodohosp.věst. Bratislava
|
| 600 |
1 |
7 |
|a Obložinský, Jozef
|2 KEVKJB
|9 1123588
|
| 650 |
0 |
7 |
|a vodné nádrže
|2 KEVKJB
|9 4190
|
| 650 |
0 |
7 |
|a rozhovory
|2 KEVKJB
|9 453585
|
| 651 |
|
7 |
|a Tichý Potok (Slovensko)
|2 KEVKJB
|9 57133
|
| 651 |
|
7 |
|a Levoča (Slovensko)
|2 KEVKJB
|9 26696
|
| 651 |
|
7 |
|a Košice (Slovensko)
|2 KEVKJB
|9 18694
|
| 651 |
|
7 |
|a Prešov (Slovensko)
|2 KEVKJB
|9 17347
|
| 651 |
|
7 |
|a KE,
|2 KEVKJB
|9 877256
|
| 655 |
|
7 |
|a periodikum
|2 snkbucl
|9 29553
|
| 773 |
0 |
8 |
|t Spišský kuriér
|g Roč. 4
|g Roč. 28, č.29, 25.7.1995, s. 5
|
| 852 |
|
|
|a ZVYKNI
|b KIS3GCP
|
| 999 |
|
|
|c 2259977
|d 2261907
|